000 00288nam a22001337a 4500
008 170718b xxu||||| |||| 00| 0 eng d
020 _a9781594516160
041 _aeng
080 _a2
100 _a24
101 _aTEO
245 _aINSIDE JIHADISM
_cKHOSROKHAVAR, F
942 _2udc
_cBK
999 _c21426
_d21426